| 000 | 00638nam a2200217 a 4500 | ||
|---|---|---|---|
| 001 | 21403 | ||
| 003 | BD-RjUL | ||
| 005 | 20211209000700.0 | ||
| 008 | 140304r19631951enk 001 0 eng d | ||
| 035 | _a(BD-RjUL)21467 | ||
| 040 |
_aYale Univ. Library _cSBM _dBD-RjUL _beng |
||
| 041 | _aeng | ||
| 082 |
_a821.5 _bDOA 1963 _223 |
||
| 100 | 1 |
_aDobrée, Bonamy _966145 |
|
| 245 | 0 | 0 |
_aAlexander Pope / _cby Bonamy Dobrée |
| 260 |
_aLondon : _bOxford University Press, _c[Reprinted 1963]. |
||
| 300 |
_ax, 100 p. ; _c22 cm. |
||
| 504 | _aIncludes bibliography and index. | ||
| 600 | 1 | 0 |
_aPope, Alexander _d1688-1744. _9186472 |
| 942 |
_2ddc _cBK |
||
| 999 |
_c21403 _d21403 |
||